1100 1911 1750 1821 1362 1232 1828 1953 1432 1697 1844 1848 1519 1419 1290 1026 1420 1141 1041 1242 1346 1718 1708 1983 1212 1059 1078 1903 1787 1973 1887 1467 1935 1476 1570 1379 1192 1089 1768 1039 1751 1035 1006 1427 1259 1870 1398 1452 1946 1309 1645 1431 1787 1738 1593 1534 1877 1174 1508 1677 1001 1913 1884 1733 1292 1344 1731 1775 1296 1071 1289 1233 1174 1049 1008 1450 1272 1410 1727 1985 1184 1957 1103 1433 1242 1289 1109 1698 1930 1967 1472 1949 1779 1900 1501 1525 1211 1602 1212 BCNSPRNW ULIB Ver.6.0+V

เปลี่ยนเป็นภาษาไทย

Change to English
 แสดงรายละเอียดบรรณานุกรม
  กลับหน้าหลัก

Brief Record : Get Marc (ISO 2709) : E-mail record : QR code < ปิดหน้าต่าง
LEADER : 00000nam 2200000uu 4500
001    13399114026
003     ULIB
008    120110s||||||||th 000 0 tha d
099    วพ.HM132^bส698ค
100 0  สำราญ บุญรักษา
245 00 ความพึงพอใจในงานและความยึดมั่นผูกพันต่อองค์การของพยาบาลวิชาชีพ สังกัดกรมสุขภาพจิต/^cสำราญ บุญรักษา
260    เชียงใหม่ :^bมหาวิทยาลัยเชียงใหม่,^c2539
300    114 หน้า :^bตาราง
500    วิทยานิพนธ์
650  7 ความพึงพอใจ^xวิจัย
650  7 ความยึดมั่นผูกพันต่อองค์กร^xวิจัย
710    มหาวิทยาลัยเชียงใหม่
945    ^p0^l0^i030991
995    ทศพร
999 ^a ทศพร
รายการนี้ยังไม่มีแท็ก
คุณยังไม่ได้ล็อกอิน คุณสามารถมีกิจกรรมร่วมกับเว็บไซต์ได้ แต่ต้องล็อกอินก่อน ::
  ล็อกอิน

รายการสื่อสารสนเทศ

ลำดับที่ ประเภท เลขเรียก/บาร์โค้ด สถานที่ สถานะ
1. วิทยานิพนธ์
วิทยานิพนธ์
วพ.HM132 ส698ค  
  Barcode: 030991
ห้องสมุดวิทยาเขตสวรรค์ประชารักษ์
►วิจัย
บนชั้น

BibComment


ยังไม่เคยถูกคอมเมนท์

คอมเมนท์ทรัพยากรรายการนี้
  คอมเมนท์: ความพึงพอใจในงานแ..


 Copyright 2026. Bcnsprnw @Library